01064nam a2200241 a 450000100100000000500170001000800410002704000250006808200200009310000480011324501080016126000370026930000280030650000570033459000250039165000280041665000310044470000500047591000380052595201180056395201240068199900170080500004424120240412074303.0140611s2004 dr a r 000 p spa d aDO-SdBNPbspacBNPHU aRD861.44bG216p1 aGarcía Martínez, Nereyda,d1927-97224410aPáginas de una mujer :bpoemas /cNeryda García Martínez ; prólogo Carlos Lebrón Saviñón. aSanto Domingo :bCiguapa,c2004. a352 p. :bil. ;c21 cm. aIncluye datos biográficos del autor en las solapas aInventariado,2018/BT 0aPoesía dominicana966 0aLiteratura dominicana.96712aLebrón Saviñón, Carlos,epról.924855 aValidado. Control de calidad. MFF 0010718PDaPDbPDcHDd2014-06-11iLF1l0oRD861.44 G216pp44241-10r2020-06-25w2020-06-25yLFPDZNo se presta 0010718PDaPDbPDcHDd2014-06-11iLF1l0oRD861.44 G216pp44241-20r2020-06-25te. 2w2020-06-25yLFPDZNo se presta c43730d43730